Discurso leído en la sesión inaugural de la Academia Médico-Quirúrgica Española / (Record no. 152664)
[ view plain ]
| 000 -LEADER | |
|---|---|
| campo de control de longitud fija | 01257nam a22002175i 4500 |
| 001 - NÚMERO DE CONTROL | |
| campo de control | 152664 |
| 003 - IDENTIFICADOR DE NÚMERO DE CONTROL | |
| campo de control | ES-MaACL |
| 005 - FECHA Y HORA DE LA ÚLTIMA TRANSACCIÓN | |
| campo de control | 20230906204833.0 |
| 008 - DATOS DE LONGITUD FIJA--INFORMACIÓN GENERAL | |
| campo de control de longitud fija | 021030s1894 sp |||| | spa d |
| 040 ## - FUENTE DE CATALOGACIÓN | |
| Centro catalogador/agencia de origen | CCPB | B |
| Lengua de catalogación | spa |
| Centro/agencia transcriptor | CCPB | B |
| 100 1# - ENTRADA PRINCIPAL--NOMBRE DE PERSONA | |
| Nombre de persona | Bravo Coronado, Juan. |
| 9 (RLIN) | 31475 |
| 245 10 - MENCIÓN DEL TÍTULO | |
| Título | Discurso leído en la sesión inaugural de la Academia Médico-Quirúrgica Española / |
| Mención de responsabilidad, etc. | por el Dr. D. Juan Bravo Coronado. |
| 260 ## - PUBLICACIÓN, DISTRIBUCIÓN, ETC. | |
| Lugar de publicación, distribución, etc. | Madrid : |
| Nombre del editor, distribuidor, etc. | [s.n.], |
| Fecha de publicación, distribución, etc. | 1894 ( |
| Fabricante | Imp. y librería de Nicolás Moya) |
| 300 ## - DESCRIPCIÓN FÍSICA | |
| Extensión | 72 p. ; |
| Dimensiones | 24 cm. |
| 505 8# - NOTA DE CONTENIDO CON FORMATO | |
| Nota de contenido con formato | Discurso leído en la Academia Médico-Quirúrgica Española en la sesión inaugural del curso académico de 1894-95 / por el Dr. D. Enrique Oliván y Sánz, p. 21-72, con port. propia |
| 594 ## - Nota al título y mención de responsabilidad | |
| Nota al título y mención de responsabilidad | Tít. en antep.: "Resumen de los trabajos realizados por la Academia Médico-Quirúrgica Española durante el curso de 1893 a 1894" |
| 594 ## - Nota al título y mención de responsabilidad | |
| Nota al título y mención de responsabilidad | Tít. del discurso del Dr. Olivan y Sanz: "Influencia del más moderno de los sistemas médicos en los progresos de la patogenia y de la terapéutica" |
| 610 04 - PUNTO DE ACCESO ADICIONAL DE MATERIA--NOMBRE DE ENTIDAD CORPORATIVA | |
| Nombre de entidad corporativa o nombre de jurisdicción como elemento de entrada | Academia Médico-Quirúrgica Española. |
| 9 (RLIN) | 1209 |
| 700 1# - ENTRADA AGREGADA--NOMBRE PERSONAL | |
| Nombre de persona | Oliván y Sanz, Enrique. |
| 9 (RLIN) | 130636 |
| 852 ## - LOCALIZACIÓN | |
| Ubicación | ES-MaACL |
| Número de control de estantería | T-844-F-4 |
| Nota libre | -- Enc. hol., conservando la enc. original |
| -- | -- Enc. en un vol. facticio |
| Estatus retirado | Estado de pérdida | Estado de daño | No para préstamo | Colección | Biblioteca de origen | Biblioteca actual | Ubicación en estantería | Fecha de adquisición | Total de préstamos | Signatura topográfica completa | Código de barras | Visto por última vez | Precio de reemplazo | Tipo de ítem Koha |
|---|---|---|---|---|---|---|---|---|---|---|---|---|---|---|
| Colección de folletos | Biblioteca del Ateneo de Madrid | Biblioteca del Ateneo de Madrid | Depósito folletos | 17/01/2008 | T-844-F-4 | 1159430 | 23/02/2023 | 23/02/2023 | Folleto |
